Films du DCAMU (DC animated movie universe) - Statistiques

Statistiques générales
  • Ce quiz a été pris 16 fois
  • Le résultat moyen est 2 sur 15
Statistiques - réponses
Hint Réponse % Correct
(2020) Wonder Woman: Bloodlines
63%
(2017) Teen Titans: The Judas Contract
31%
(2015) Batman vs Robin
19%
(2017) Justice League Dark
19%
(2013) La Ligue des Justiciers: Flashpoint Paradoxe
19%
(2014) Le Fils de Batman
19%
(2018) La Mort de Superman
13%
(2019) Le Règne des Supermen
13%
(2016) Batman: Mauvais Sang
6%
(2019) Batman: Silence
6%
(2020) Justice League Dark: Apokolips War
6%
(2018) Suicide Squad: le Prix de l'Enfer
6%
(2014) La Ligue des Justiciers: Guerre
0%
(2015) La Ligue des Justiciers: Le Trône de l'Atlantide
0%
(2016) La Ligue des Justiciers vs les Teen Titans
0%
Aucun quiz correspondant
Distribution des résultats
% des personnes avec chaque résultat
Percentile par nombre de réponses
Votre historique - résultats
Vous n’avez pas pris ce quiz